Guess the Fusion Rock Song Lyrics #193 - Statistics

General Stats
  • This quiz has been taken 11 times
  • The average score is 134 of 254
Answer Stats
Answer % Correct
a
89%
And
89%
and
89%
be
89%
I
89%
me
89%
on
89%
On
89%
the
89%
The
89%
then
89%
to
89%
when
89%
You
89%
you
89%
for
78%
For
78%
her
78%
know
78%
my
78%
Of
78%
of
78%
one
78%
She
78%
she
78%
there
78%
what
78%
Where
78%
who
78%
all
67%
any
67%
but
67%
But
67%
could
67%
don't
67%
girl
67%
good
67%
If
67%
never
67%
see
67%
that
67%
That
67%
was
67%
win
67%
With
67%
your
67%
at
56%
been
56%
come
56%
couldn't
56%
find
56%
gave
56%
have
56%
heart
56%
I'd
56%
in
56%
In
56%
like
56%
might
56%
night
56%
our
56%
out
56%
sing
56%
some
56%
us
56%
wanted
56%
about
44%
anyone
44%
friend
44%
Jackson Browne
44%
much
44%
needed
44%
she'd
44%
Talk
44%
again
33%
around
33%
bodies
33%
celestial
33%
done
33%
exception
33%
into
33%
possible
33%
Running
33%
saying
33%
something
33%
thought
33%
Wasn't
33%
wasn't
33%
almost
22%
Almost
22%
back
22%
Back
22%
believe
22%
city
22%
goodbye
22%
light
22%
lights
22%
longer
22%
lose
22%
midnight
22%
missing
22%
places
22%
stickin
22%
thinking
22%
through
22%
turned
22%
within
22%
you've
22%
angel
11%
arms
11%
became
11%
clothes
11%
darkness
11%
dead
11%
each
11%
Hanging
11%
hid
11%
hold
11%
kind
11%
shorter
11%
sight
11%
slip
11%
tight
11%
vision
11%
whipping
11%
wind
11%
wing
11%
behind
0%
blame
0%
circles
0%
explain
0%
flight
0%
kinder
0%
laughter
0%
onto
0%
Reaching
0%
sane
0%
shadows
0%
shine
0%
Stumblin
0%
tenderness
0%
terms
0%
tried
0%
unhappiness
0%
No matching quizzes found
Score Distribution
Percent of People with Each Score
Percentile by Number Answered
Your Score History
You have not taken this quiz